Statistics for 2017 PDC German Darts Open Countries

Click here to take the quiz!

General Stats

  • This quiz has been taken 11 times
  • The average score is 11 of 13

Answer Stats

PlayersCountry% Correct
19England
100%
4Germany
100%
1Ireland
100%
8Netherlands
100%
4Scotland
100%
2Australia
91%
1Spain
91%
1Wales
91%
2Austria
82%
3Belgium
82%
1Finland
64%
1Poland
55%
1South Africa
45%

Score Distribution

Percentile by Number Answered

Percent of People with Each Score

Your Score History

You have not taken this quiz